Statistics for Top 20 Countries with highest IQ

Click here to take the quiz!

General Stats

  • This quiz has been taken 22 times
  • The average score is 17 of 20

Answer Stats

Avg. IQAnswer% Correct
100Canada
100%
106Japan
100%
103South Korea
100%
99United Kingdom
100%
99Australia
95%
104China
95%
100Germany
90%
106Singapore
90%
101Finland
85%
99Iceland
85%
99New Zealand
85%
99Austria
80%
98Belgium
80%
100Luxemburg
80%
106Taiwan
80%
101Netherlands
75%
100North Korea
75%
100Switzerland
70%
99Hungary
55%
100Estonia
50%

Score Distribution

Percentile by Number Answered

Percent of People with Each Score

Your Score History

You have not taken this quiz